000 00360nam a2200133 a 4500
005 20140414093834.0
008 030611s19uu xx 00 eng d
050 _aCD 360
_bOR #1
245 _aHomicide case file :
_bthe body in the bay.
500 _a2 CD-ROM set.
520 _a"A True crime murder mystery game"--Cover.
942 _cAVM
999 _c108906
_d108906